00370nam a2200145Ia 4500008004100000020001800041082001300059100002000072245005000092250000800142260002500150300001000175500002400185650001500209230524s9999 xx 000 0 und d a9788120335622 a657bNAR aR.Narayanaswamy 0aFinancial Accounting A Managerial Perspective a3RD aNEW DELHIbPHIc2008 aX;699 aQuantity Number: 2 aManagement